004440000a2200109000450024501400000004100140014070000230015470000300017770000310020710000310023877300650026910aEspecializaciones del integumento dorsal de Centrolenella acathidiocephala Ruíz-Carranza & Lynch, 1989 (Amphibia Anura Centrolenidae)0 aEspañol1 aPérez, Gloria de1 aRuíz Carranza, Pedro M.1 aHernández Camacho, Jorge1 aRamírez, Martha Patricia1 tTrianeakActa Científica y Tecnológicah3q105-128d1989